000 01281nam a2200205 a 4500
001 000931496
003 AM-YeHGA
005 20250617145746.0
008 121128s1971 ru r 000 0 rus d
040 _aAM-YeHGA
041 0 _arus
110 2 _aКазанский государственный университет
_bВсесоюзное межведомственное совещание
_n(2 :
_dмай 1971 г. :
_cКазань)
245 0 0 _aМатематические методы в географии :
_bТезисы докладов II Всесоюзного межведомственного совещания по применению математических методов в географии /
_cКазанский государственный университет им. В.И. Ульянова-Ленина; Редкол.: Н.И. Блажко и др.
260 _aКазань :
_bИзд-во Казан. ун-та,
_c1971.
300 _a183 с.
653 0 _aГеография - Математические методы изучения
700 1 _aБлажко, Н. И.
_eред.
_4edt
710 2 _aКазанский государственный университет им. В.И. Ульянова-Ленина;
090 _c319741
999 _c318010
_d318010